| 000 | 00602nam a22001937a 4500 | ||
|---|---|---|---|
| 005 | 20170823112906.0 | ||
| 010 | _aENG-119984 | ||
| 020 |
_a9789381110669 _c150.00 |
||
| 035 | _aEN-103516 | ||
| 037 | _bDBAD/PUB | ||
| 082 | _a361.24092 | ||
| 100 | _aPatel, Mohanlal | ||
| 245 |
_aChhaganbha : _cby Mohanlal Patel ; Translated by Nila Shah _ba pole star of wisdom / |
||
| 260 |
_aKadi _bSarva Vidyalaya Kelavani Mandal _c2014 |
||
| 270 |
_aSarva Vidyalaya Kelavani Mandal _bKadi _e382715 |
||
| 300 |
_a151p. _c22cm(Hb) |
||
| 700 | _aShah, Nila | ||
| 942 |
_2ddc _cEN _h361.24092 _mPAT |
||
| 999 |
_c143688 _d143688 |
||